000 00653nam a22002177a 4500
003 OSt
005 20230914143326.0
008 140527b xxu||||| |||| 00| 0 eng d
020 _a9781566705240
040 _cIIITM-K
082 _a363.34526 SCH/D
100 _aSchneid, Thomas D
_95358
245 _aDisaster management and preparedness
_cby Thomas D Schneider; Larry Collins
260 _aBoca Raton,
_bCRC Press,
_c2001.
300 _a241p.
650 _aMANAGEMENT
_95359
651 _aDISASTER MANAGEMENT
_95360
700 _aCollins, Larry
_95361
856 _uhttps://libgen.lc/ads.php?md5=13bd068f4aa62fc33e5c60ea754fb520
942 _2ddc
_cBK
999 _c4220
_d4220